Tajemství světa zvířat /

Hlavní autor: Davidson, Zanna
Další autoři: Unwin, Mike, 1965-
Jazyk: Čeština
Vydáno: Praha : Svojtka & Co., 2005
Vydání: 1. české vyd.
Témata:
Externí odkaz: Digitalizovaný dokument
Fyzický popis: 128 s. : barev. il. ; 31 cm
Knihy
Uloženo v:
LEADER 01757nam a2200469 a 4500
001 000807292
003 CZ BrMZK
005 20180427081117.0
007 ta
008 051206s2005 xr a b 001 0 cze
015 |a cnb001635192 
020 |a 80-7352-266-7  |q (váz.) 
035 |a (OCoLC)85525274 
040 |a KLG001  |b cze 
041 1 |a cze  |h eng 
072 7 |a 821-93  |x Literatura pro děti a mládež (beletrie)  |2 Konspekt  |9 26 
072 7 |a 57  |x Obecná biologie  |2 Konspekt  |9 2 
080 |a 592/599  |2 MRF 
080 |a 591.9  |2 MRF 
080 |a (0.053.2)  |2 MRF 
080 |a (084.12)  |2 MRF 
100 1 |a Davidson, Zanna  |7 pag2018984191  |4 aut 
245 1 0 |a Tajemství světa zvířat /  |c Susanna Davidson, Mike Unwin ; výtvarné zpracování Andrea Slane, Michelle Lawrence ; ilustrace Lee Montgomery, Ian Jackson 
250 |a 1. české vyd. 
260 |a Praha :  |b Svojtka & Co.,  |c 2005 
300 |a 128 s. :  |b barev. il. ;  |c 31 cm 
500 |a Přeloženo z angličtiny 
500 |a Terminologický slovník 
500 |a Dostupné též v digitální podobě v aplikaci Kramerius 
504 |a Obsahuje rejstřík 
650 0 7 |a živočichové  |7 ph136485  |2 czenas 
650 0 7 |a fauna  |7 ph114529  |2 czenas 
655 7 |a publikace pro děti  |7 fd133156  |2 czenas 
655 7 |a fotografické publikace  |7 fd132276  |2 czenas 
700 1 |a Unwin, Mike,  |d 1965-  |7 xx0038827  |4 aut 
765 0 |t Usborne world of animals  |9 Česky 
856 4 1 |u http://www.digitalniknihovna.cz/mzk/uuid/uuid:381701c0-1e35-11e5-b642-005056827e51  |y Digitalizovaný dokument  |x NDK 
910 |a BOA001  |b 4-1162.665 
990 |a BK 
995 |a 60 
991 |b 200602  |c NOV 
996 6 |b 2610270915  |c 4-1162.665  |l MZK  |r Sklad / do 1 hodiny  |n 1  |p p.v.  |w 000807292  |u 000010  |a 1  |e BOA001  |j MZK50  |s P